[Event "chess.com Speed 2019"]
[Site "chess.com INT"]
[Date "2019.10.01"]
[Round "1.26"]
[White "Dobrov,V"]
[Black "Nakamura,Hi"]
[Result "0-1"]
[WhiteElo "2478"]
[BlackElo "2745"]

1.d4 Nf6 2.c4 e6 3.Nf3 d5 4.e3 c6 5.Nc3 Nbd7 6.Qc2 a6 7.b3 b5 8.Bd3 Bb7 9.O-O Be7
10.Qe2 O-O 11.Bd2 Rc8 12.Rab1 Qc7 13.Rfc1 Qb8 14.a4 b4 15.Na2 a5 16.Be1 c5
17.cxd5 Nxd5 18.Bb5 N7f6 19.Rc2 cxd4 20.Nxd4 Bd6 21.g3 Ne4 22.Rbc1 Rxc2 23.Rxc2 Rc8
24.Rxc8+ Qxc8 25.Bc4 Nb6 26.Bd3 Nc5 27.Bc2 g6 28.f3 e5 29.Nb5 Bf8 30.e4 Ne6
31.Bf2 Bc5 32.Nc1 Ba6 33.Nd3 Bxb5 34.axb5 Nd4 35.Bxd4 Bxd4+ 36.Kg2 Qc3 37.f4 a4
38.bxa4 b3 39.Bb1 Qa1 40.Qd1 b2 41.Nxe5 Qxa4 42.Qxa4 Nxa4 43.Nc6 Bc5 44.Kf3 Nc3
45.Bc2 Nxb5 46.Ke2 Na3 47.Bd3 Kg7 48.e5 b1=Q 49.Bxb1 Nxb1 50.Kd3 Na3 51.h4 Bf2
52.Ke4 Bxg3  0-1

[Event "chess.com Speed 2019"]
[Site "chess.com INT"]
[Date "2019.10.01"]
[Round "1.4"]
[White "Dobrov,V"]
[Black "Nakamura,Hi"]
[Result "0-1"]
[WhiteElo "2478"]
[BlackElo "2745"]

1.d4 Nf6 2.c4 g6 3.g3 Bg7 4.Bg2 O-O 5.Nc3 d6 6.Nf3 Nc6 7.O-O Bg4 8.d5 Na5
9.Nd2 c5 10.Qc2 a6 11.Rb1 b5 12.b3 b4 13.Nce4 Bxe2 14.Re1 Bg4 15.Nxf6+ exf6
16.h3 Bf5 17.Ne4 Bxe4 18.Qxe4 Re8 19.Qxe8+ Qxe8 20.Rxe8+ Rxe8 21.Bf4 Nb7
22.Kf1 f5 23.Re1 Rxe1+ 24.Kxe1 Be5 25.Bc1 a5 26.a4 bxa3 27.Bxa3 Bc3+ 28.Kd1 Kf8
29.Bf1 Ke7 30.Bc1 Kf6 31.h4 Kg7 32.Bd3 Kf8 33.Ke2 Ke8 34.Bc2 Kd7 35.Kf3 f6
36.h5 Nd8 37.hxg6 hxg6 38.Ke2 Nf7 39.f4 Nh6 40.Kf3 Ng4 41.Bd3 Kc7 42.Ke2 Kb6
43.Bc2 Ka6 44.Kd3 Be1 45.Ke2 Bxg3 46.Bd2 Bf2 47.Kf3 Bd4 48.Ke2 Nh6 49.Kf3 Ng8
50.Ke2 Ne7 51.Kf3 Nc8 52.Ke2 Bb2 53.Kf3 Nb6 54.Ke2 Nc8 55.Kf3 Ne7 56.Ke2 Ng8
57.Kf3 Nh6 58.Ke2 Ba3 59.Kf3 Bb4 60.Bc1 Bc3 61.Ke2 Nf7 62.Kf3 Kb6 63.Ke2 Kc7
64.Kf3 Kd7 65.Ke2 Ke7 66.Kd3 Bb4 67.Ke2 Kf8 68.Kf3 Bc3 69.Kg3 Kg7 70.Kf3 Nh6
71.Ke2 Nf7 72.Kf3 Kh6 73.Kg3 Be1+ 74.Kf3 Kh5 75.Ke2 Bc3 76.Kf3 Nh6 77.Kg3 g5
78.Bd1+ Kg6 79.Bc2 Ng4 80.Kf3 Nh6 81.Kg3 Ng8 82.Kf3 Ne7 83.Kg3 Kh6 84.Kf3 Kh5
85.Kg3 Be1+ 86.Kf3 Kh4 87.Ke2 Bc3 88.Kf3 Kh5 89.Kg3 Be1+ 90.Kf3 Ng6 91.fxg5 fxg5
92.Bxf5 Nh4+ 93.Ke2 Nxf5 94.Kxe1 Nd4  0-1

[Event "chess.com Speed 2019"]
[Site "chess.com INT"]
[Date "2019.10.01"]
[Round "1.5"]
[White "Nakamura,Hi"]
[Black "Dobrov,V"]
[Result "1-0"]
[WhiteElo "2745"]
[BlackElo "2478"]

1.Nf3 d5 2.e3 Nf6 3.c4 c6 4.Nc3 e6 5.d4 Nbd7 6.Bd3 dxc4 7.Bxc4 b5 8.Bd3 b4
9.Ne4 Nxe4 10.Bxe4 Bb7 11.O-O Bd6 12.Nd2 Qc7 13.h3 c5 14.Bxb7 Qxb7 15.Nc4 Be7
16.b3 O-O 17.Bb2 Rfd8 18.Qf3 Qxf3 19.gxf3 Nb6 20.Na5 Rac8 21.Rac1 Rd5 22.Nc4 f6
23.f4 Kf7 24.Kg2 Rd7 25.Rfd1 Rdc7 26.dxc5 Rxc5 27.Bd4 R5c7 28.Bxb6 axb6 29.Rb1 b5
30.Nd6+ Bxd6 31.Rxd6 Ra8 32.Rb2 Rca7 33.Rb6 Rxa2 34.Rxa2 Rxa2 35.Rxb5 Rb2
36.Rxb4 f5 37.Rb7+ Kf6 38.b4 h6 39.h4 g5 40.fxg5+ hxg5 41.h5  1-0

[Event "chess.com Speed 2019"]
[Site "chess.com INT"]
[Date "2019.10.01"]
[Round "1.2"]
[White "Dobrov,V"]
[Black "Nakamura,Hi"]
[Result "1-0"]
[WhiteElo "2478"]
[BlackElo "2745"]

1.d4 Nf6 2.c4 g6 3.g3 Bg7 4.Bg2 d5 5.cxd5 Nxd5 6.Nf3 Nb6 7.Nc3 O-O 8.O-O Nc6
9.e3 e5 10.d5 Na5 11.Qc2 c6 12.dxc6 Nxc6 13.Rd1 Qe7 14.a4 a5 15.b3 Nb4 16.Ba3 Bg4
17.Rac1 Rfe8 18.h3 Be6 19.Qb1 h6 20.Nb5 Rac8 21.Nd2 Rxc1 22.Rxc1 Rd8 23.Nc4 Bxc4
24.bxc4 Nxa4 25.Qb3 Nc5 26.Bxb4 axb4 27.Qxb4 e4 28.Bxe4 Qxe4 29.Qxc5 Be5
30.Qe7 Rd2 31.Nd4 Rd3 32.Ra1 b5 33.cxb5 Rxe3 34.Qe8+ Kg7 35.Ne6+ Kf6 36.Qd8+ Kxe6
37.Ra6+ Kf5 38.g4+ Kf4 39.Rf6+  1-0

[Event "chess.com Speed 2019"]
[Site "chess.com INT"]
[Date "2019.10.01"]
[Round "1.3"]
[White "Nakamura,Hi"]
[Black "Dobrov,V"]
[Result "1/2-1/2"]
[WhiteElo "2745"]
[BlackElo "2478"]

1.e4 e6 2.Nc3 d5 3.d4 Nf6 4.e5 Nfd7 5.Nce2 c5 6.c3 Nc6 7.f4 b5 8.Nf3 b4 9.g4 Qb6
10.Be3 h5 11.gxh5 Rxh5 12.Ng3 Rh8 13.f5 cxd4 14.Bxd4 Nxd4 15.cxd4 exf5 16.Qa4 f4
17.Ne2 b3 18.Qxb3 Qg6 19.Nc3 Rb8 20.Bb5 Rxb5 21.Nxb5 Rh3 22.Rc1 Nb6 23.Rg1 Bg4
24.Kf2 Be7 25.Nc7+ Kf8 26.Nxd5 Rxf3+ 27.Qxf3 Bh4+ 28.Kf1 Bxf3 29.Rxg6 Nxd5
30.Rc8+ Ke7 31.Rd6 Ne3+ 32.Kg1 Bg4 33.Rc7+ Ke8 34.Rxa7 f3 35.Ra8+ Ke7 36.Ra7+ Ke8
37.Ra8+ Ke7 38.Ra7+ Ke8  1/2-1/2

[Event "chess.com Speed 2019"]
[Site "chess.com INT"]
[Date "2019.10.01"]
[Round "1.7"]
[White "Nakamura,Hi"]
[Black "Dobrov,V"]
[Result "1-0"]
[WhiteElo "2745"]
[BlackElo "2478"]

1.c4 c5 2.g3 Nc6 3.Bg2 g6 4.e3 Bg7 5.Ne2 e5 6.Nbc3 Nge7 7.d3 O-O 8.Nd5 d6
9.Nec3 Be6 10.O-O Qd7 11.Bd2 f5 12.a3 Rae8 13.b4 b6 14.Qa4 g5 15.Rae1 f4
16.exf4 gxf4 17.f3 Nf5 18.Ne4 Kh8 19.Bc3 Nfe7 20.Nxe7 Rxe7 21.g4 cxb4 22.axb4 d5
23.cxd5 Qxd5 24.b5 Na5 25.d4 exd4 26.Bb4 Ree8 27.Bxf8 Rxf8 28.Nd2 d3 29.Re4 Qc5+
30.Kh1 Bd5 31.Rxf4 Rd8 32.Rf5 Qc3 33.Qf4 Bg8 34.Ne4 Qd4 35.h4 Nc4 36.h5 Ne3
37.h6 Nxf5 38.gxf5 Be5 39.Qg5 Rf8 40.Rd1 Bd5 41.f6 Rg8 42.Qf5 Bxe4 43.fxe4 Bxf6
44.Rxd3 Qa1+ 45.Qf1 Qxf1+ 46.Bxf1 Rg6 47.Rd7 Rxh6+ 48.Kg2 Rg6+ 49.Kf3 h5
50.Rxa7 Bd4 51.Bh3 Rg7 52.Ra8+ Rg8 53.Ra7 Rg7 54.Ra6 Rf7+ 55.Bf5 Kg7 56.Ra8 Kf6
57.Re8 Kg5 58.Rg8+ Rg7 59.Rd8 Bc5 60.Rd5 Rf7 61.Kg3  1-0

[Event "chess.com Speed 2019"]
[Site "chess.com INT"]
[Date "2019.10.01"]
[Round "1.8"]
[White "Dobrov,V"]
[Black "Nakamura,Hi"]
[Result "1-0"]
[WhiteElo "2478"]
[BlackElo "2745"]

1.d4 Nf6 2.c4 e6 3.Nf3 d5 4.Nc3 Be7 5.Bf4 O-O 6.e3 b6 7.Rc1 Bb7 8.a3 dxc4
9.Bxc4 a6 10.O-O b5 11.Ba2 Bd6 12.Ne5 Nbd7 13.Qe2 h6 14.Rfd1 Qe7 15.h3 Rac8
16.b4 Nb6 17.e4 Rfd8 18.Bg3 Qe8 19.Bb3 Na4 20.Nxa4 bxa4 21.Bc2 a5 22.bxa5 Bxa3
23.Rb1 Ba8 24.Ra1 Bb2 25.Bxa4 Qf8 26.Qxb2  1-0

[Event "chess.com Speed 2019"]
[Site "chess.com INT"]
[Date "2019.10.01"]
[Round "1.6"]
[White "Dobrov,V"]
[Black "Nakamura,Hi"]
[Result "0-1"]
[WhiteElo "2478"]
[BlackElo "2745"]

1.d4 Nf6 2.c4 e6 3.Nf3 d5 4.Nc3 Bb4 5.Qa4+ Nc6 6.e3 O-O 7.Bd2 dxc4 8.Bxc4 Bd6
9.h3 a6 10.Qc2 e5 11.dxe5 Nxe5 12.Nxe5 Bxe5 13.O-O-O Qe7 14.Kb1 Bd7 15.f4 Bxc3
16.Bxc3 Bc6 17.Bd3 Rfe8 18.Rhe1 Rad8 19.Ka1 h6 20.a3 Nd5 21.Bd2 Nb6 22.Bb4 Qe6
23.f5 Qe5 24.Bc3 Qg3 25.Bd4 Rxd4  0-1

[Event "chess.com Speed 2019"]
[Site "chess.com INT"]
[Date "2019.10.01"]
[Round "1.10"]
[White "Dobrov,V"]
[Black "Nakamura,Hi"]
[Result "1/2-1/2"]
[WhiteElo "2478"]
[BlackElo "2745"]

1.d4 f5 2.e4 fxe4 3.Nc3 Nf6 4.Bg5 Nc6 5.d5 Ne5 6.Qe2 Nf7 7.Bxf6 exf6 8.Nxe4 Be7
9.d6 cxd6 10.O-O-O d5 11.Nc3 O-O 12.Nxd5 Re8 13.Re1 Kf8 14.Qh5 Bd6 15.Rxe8+ Qxe8
16.Nf3 Nh6 17.Qxe8+ Kxe8 18.Bd3 Kf7 19.Bc4 Kf8 20.Rd1 b6 21.Nc3 Be7 22.Bd5 Rb8
23.h3 b5 24.Nd4 b4 25.Nce2 a5 26.Bf3 Ba6 27.Nf4 Bd6 28.Nh5 Be5 29.Nb3 g6
30.Ng3 Ke7 31.Nxa5 Nf7 32.Ne4 Rc8 33.Kb1 f5 34.Nd2 Bd4 35.Be2 Ra8 36.Bxa6 Rxa6
37.Nac4 Bxf2 38.Nf3 Re6 39.a3 bxa3 40.b4 Nd6 41.Nxd6 Rxd6 42.Rxd6 Kxd6 43.Ka2 Kd5
44.Kxa3 h6 45.Kb3 g5 46.Kc3 Ke4 47.b5 d5 48.Kd2 Bb6 49.Ke2 g4 50.hxg4 fxg4
51.Nh2 h5 52.Nf1 h4 53.Nd2+ Kd4 54.Nf1 Kc3 55.Ne3 h3 56.gxh3 gxh3 57.Nxd5+ Kd4
58.Kf3 Kxd5 59.Kg3 Kc4 60.Kh2 Kxb5 61.Kxh3 Kc4 62.c3 Kxc3  1/2-1/2

[Event "chess.com Speed 2019"]
[Site "chess.com INT"]
[Date "2019.10.01"]
[Round "1.11"]
[White "Nakamura,Hi"]
[Black "Dobrov,V"]
[Result "1-0"]
[WhiteElo "2745"]
[BlackElo "2478"]

1.e4 c6 2.Nf3 d5 3.Nc3 Bg4 4.h3 Bxf3 5.Qxf3 e6 6.g3 Nd7 7.d3 Bb4 8.Bd2 d4
9.Nb1 Qb6 10.b3 Ne7 11.Bg2 O-O 12.O-O a5 13.a4 Qc5 14.Qd1 e5 15.f4 b5 16.f5 f6
17.g4 Nb6 18.Bc1 bxa4 19.bxa4 Qd6 20.Nd2 c5 21.Rf3 c4 22.Nxc4 Nxc4 23.dxc4 Rfc8
24.Bf1 Qc6 25.Bd3 Rc7 26.g5 fxg5 27.Bxg5 Rf8 28.Rg3 Kh8 29.Bd2 Ng8 30.Bxb4 axb4
31.Qd2 Nf6 32.Qxb4 Ra8 33.Qb5 Qd6 34.a5 Rca7 35.c5 Qc7 36.Qb6 Nd7 37.Qxc7 Rxc7
38.c6 Nc5 39.Bb5 Nxe4 40.Rb3 Nd6 41.a6 h5 42.Be2 Kh7 43.Bxh5 Kh6 44.Be2 Rxc6
45.a7 Rc7 46.Rb6 Raxa7 47.Rxd6+ Kg5 48.Rxa7 Rxa7 49.Bd3 Kf4 50.Rg6  1-0

[Event "chess.com Speed 2019"]
[Site "chess.com INT"]
[Date "2019.10.01"]
[Round "1.9"]
[White "Nakamura,Hi"]
[Black "Dobrov,V"]
[Result "1/2-1/2"]
[WhiteElo "2745"]
[BlackElo "2478"]

1.Nf3 c5 2.b3 Nc6 3.e4 Nf6 4.e5 Ng4 5.Bb2 d6 6.Bb5 dxe5 7.h3 e4 8.hxg4 exf3
9.Bxc6+ bxc6 10.Qxf3 Qd5 11.Nc3 Qxf3 12.gxf3 f6 13.Ne4 e5 14.d3 Be6 15.c4 a5
16.Ke2 a4 17.Ba3 f5 18.Nxc5 Bxc5 19.Bxc5 fxg4 20.fxg4 Bxg4+ 21.Ke3 Bf5 22.b4 Kf7
23.Rad1 Rab8 24.f4 exf4+ 25.Kxf4 Be6 26.Rhe1 Rhe8 27.a3 h6 28.Re5 g5+ 29.Kg3 Kg6
30.Rde1 Bf7 31.Be7 Rb7 32.c5 Rd7 33.Bd6 Rxe5 34.Rxe5 h5 35.d4 Kf6 36.Re1 h4+
37.Kf2 Bd5 38.Re5 Bc4 39.Re8 g4 40.Rc8 Bd5 41.Ke3 g3 42.Re8 Rh7 43.b5 cxb5
44.Be5+ Kf5 45.Rd8 Bc6 46.Rd6 Be8 47.Rf6+ Kg5 48.c6 h3 49.c7 Rxc7 50.Bxc7 Kxf6
51.Bxg3 Ke6 52.Ke4 Bc6+ 53.d5+ Bxd5+ 54.Kd4 Bc6 55.Bb8 Be8 56.Bh2 Kf5 57.Bb8 Kg4
58.Ke3 Bg6 59.Bd6 Kf5 60.Kd4 Ke6 61.Bh2 Be8 62.Bb8 Bf7 63.Bh2 Kf5 64.Bd6 b4
65.axb4 a3 66.Kc3 Ke4 67.b5 Kd5 68.Bh2 Kc5 69.Kc2 Kxb5 70.Kb1 Ka4 71.Ka1 Kb3
72.Bg3 Bd5 73.Bh2 Kc2 74.Bg3 Kd3 75.Bh2 Ke2 76.Bb8 Kf3 77.Bc7 Kg2 78.Bb8 Kg1
79.Bc7 h2 80.Bxh2+ Kxh2 81.Kb1 Kg2 82.Ka1  1/2-1/2

[Event "chess.com Speed 2019"]
[Site "chess.com INT"]
[Date "2019.10.01"]
[Round "1.13"]
[White "Nakamura,Hi"]
[Black "Dobrov,V"]
[Result "1-0"]
[WhiteElo "2745"]
[BlackElo "2478"]

1.e4 c5 2.Nc3 Nc6 3.Nf3 e6 4.d4 cxd4 5.Nxd4 d6 6.Be3 Nge7 7.Nb3 a6 8.a4 b6
9.g3 Bb7 10.Bg2 Qc7 11.O-O h5 12.Nd2 h4 13.Nc4 Nc8 14.Qe2 hxg3 15.hxg3 Ne5
16.Nxe5 dxe5 17.Rad1 Nd6 18.Qg4 Nc4 19.Bc1 g6 20.Rd3 Rd8 21.Rfd1 Rxd3 22.cxd3 Na5
23.Be3 Nc6 24.Rc1 Nd4 25.Nb5  1-0

[Event "chess.com Speed 2019"]
[Site "chess.com INT"]
[Date "2019.10.01"]
[Round "1.14"]
[White "Dobrov,V"]
[Black "Nakamura,Hi"]
[Result "0-1"]
[WhiteElo "2478"]
[BlackElo "2745"]

1.d4 Nf6 2.c4 b6 3.Nf3 Bb7 4.Nc3 e6 5.a3 d5 6.Bg5 Nbd7 7.cxd5 exd5 8.g3 Be7
9.Bg2 Ne4 10.Bxe7 Qxe7 11.Rc1 c6 12.O-O O-O 13.e3 Rfe8 14.Qb3 Rac8 15.Rfd1 Nxf2  0-1

[Event "chess.com Speed 2019"]
[Site "chess.com INT"]
[Date "2019.10.01"]
[Round "1.12"]
[White "Dobrov,V"]
[Black "Nakamura,Hi"]
[Result "1-0"]
[WhiteElo "2478"]
[BlackElo "2745"]

1.d4 b6 2.e4 Bb7 3.Bd3 e6 4.Nf3 d5 5.e5 c5 6.c3 Qc8 7.O-O Ba6 8.c4 Ne7 9.Nc3 cxd4
10.Nb5 Bxb5 11.cxb5 Nd7 12.Re1 Ng6 13.Bd2 Qb7 14.Rc1 Be7 15.b4 O-O 16.Rc6 a6
17.Qc2 Nc5 18.bxc5 bxc5 19.Rxa6 Rxa6 20.bxa6 Qa7 21.Bb5 c4 22.a4 Rc8 23.Ba5 d3
24.Qd2 Bc5 25.g3 Ne7 26.Kg2 Nc6 27.Bc3 d4 28.Re4 dxc3 29.Qxc3 Ne7 30.Rxc4 Nd5
31.Qxd3 Rd8 32.Qe2 h6 33.h4 Bb6 34.h5 Qe7 35.Rc2 Ba7 36.Rd2 Rc8 37.Rc2 Rc5
38.Qe4 Qc7 39.Rd2 Qb6 40.Bd3 Rc3 41.Qh7+ Kf8 42.Qh8+ Ke7 43.Be4 Qb4 44.Bxd5 Rxf3
45.Bc6  1-0

[Event "chess.com Speed 2019"]
[Site "chess.com INT"]
[Date "2019.10.01"]
[Round "1.16"]
[White "Dobrov,V"]
[Black "Nakamura,Hi"]
[Result "1/2-1/2"]
[WhiteElo "2478"]
[BlackElo "2745"]

1.d4 Nf6 2.c4 e6 3.Nf3 c5 4.d5 b5 5.e4 Nxe4 6.Bd3 Nf6 7.Nc3 bxc4 8.Bxc4 Ba6
9.Bxa6 Nxa6 10.O-O Nb4 11.Bg5 h6 12.Bxf6 gxf6 13.a3 Na6 14.Re1 Bg7 15.dxe6 fxe6
16.Qd3 Nc7 17.Qg6+ Kf8 18.Rad1 d5 19.Qg3 Qd7 20.Ne4 Qc6 21.Nxc5 e5 22.Rc1 Qe8
23.Nh4 Rg8 24.Nf5 Bh8 25.Qh3 Rg6 26.Nxh6 Rd8 27.Nf5 Kg8 28.Rc3 Bg7 29.Rg3 Bf8
30.Ree3 Rg5 31.Rxg5+ fxg5 32.Rg3 Qg6 33.Nd3 Re8 34.Qg4 Ne6 35.Nxe5 Ng7 36.Nd3 Nxf5
37.Qxg5 Qxg5 38.Rxg5+ Ng7 39.Rxd5 Re2 40.g4 Rd2 41.Kg2 Ne6 42.Kf3 Bg7 43.Ke3 Rc2
44.h4 Rc4 45.f4 Bd4+ 46.Kf3 Bb6 47.g5 Bc7 48.b3 Nd4+ 49.Ke4 Nxb3+ 50.Kf5 Nd4+
51.Kf6 Rc6+ 52.Ke7 Bb6 53.Ne5 Nf5+ 54.Kd7 Rc5 55.Rxc5 Bxc5 56.h5 Bxa3 57.Nc6 a6
58.h6 Bc1 59.Ke6 Nh4 60.Nb4 a5 61.Nd3 Bd2 62.Kd5 a4 63.Kc4 Nf5 64.Nc5 Nd6+
65.Kd3 Bxf4 66.Nxa4 Bxg5 67.Nc3 Bxh6 68.Ne4 Ne8 69.Nc3 Kf7 70.Ne4 Ke6 71.Nc3 Ke5
72.Ne2 Nd6 73.Nc3 Bg5 74.Ne2 Nf5 75.Nc3 Nd6 76.Ne2 Be7 77.Nc3 Nb7 78.Ne2 Nc5+
79.Kc4 Ne4 80.Nc3 Nd6+ 81.Kd3 Bd8 82.Ne2 Ne8 83.Nc3 Nc7 84.Ne2 Ne6 85.Nc3 Nf4+
86.Kc4 Ba5 87.Nb5 Nd5 88.Kd3 Nb6 89.Nc3 Nd7 90.Ne2 Kd5 91.Nc3+ Ke5 92.Ne2 Nf6
93.Nc3 Bd8 94.Ne2 Nh5 95.Nc3 Nf4+ 96.Kc4 Bh4 97.Nb5 Bd8 98.Nc3  1/2-1/2

[Event "chess.com Speed 2019"]
[Site "chess.com INT"]
[Date "2019.10.01"]
[Round "1.17"]
[White "Nakamura,Hi"]
[Black "Dobrov,V"]
[Result "0-1"]
[WhiteElo "2745"]
[BlackElo "2478"]

1.e4 c5 2.Nc3 Nc6 3.Nf3 Nf6 4.Bb5 Qc7 5.Nd5 Nxd5 6.exd5 Nd4 7.Nxd4 cxd4 8.O-O Qc5
9.c4 a6 10.Ba4 b5 11.cxb5 Bb7 12.bxa6 Bxd5 13.d3 Rxa6 14.Bb3 e6 15.Bxd5 Qxd5
16.Bd2 Rxa2 17.Qc2 Be7 18.Qc8+ Bd8 19.Bb4 Rxa1 20.Rxa1 Qc6 21.Qb8 f6 22.h3 Kf7
23.Bd6 Re8 24.Ra8 Qb6 25.Qxb6 Bxb6 26.Ra6 Bd8 27.Ra7 e5 28.Bc5 Ke6 29.Ra6+ Kd5
30.b4 Be7 31.Bxe7 Rxe7 32.f3 d6 33.Ra5+ Kc6 34.Ra6+ Kd5 35.Ra5+ Ke6 36.Kf2 Rc7
37.Ra2 Rc3 38.Rb2 Rxd3 39.b5 Kd7 40.b6 Kc8 41.Rc2+ Rc3 42.Ra2  0-1

[Event "chess.com Speed 2019"]
[Site "chess.com INT"]
[Date "2019.10.01"]
[Round "1.35"]
[White "Nakamura,Hi"]
[Black "Dobrov,V"]
[Result "1-0"]
[WhiteElo "2745"]
[BlackElo "2478"]

1.e4 e6 2.Nc3 d5 3.d4 Nf6 4.e5 Nfd7 5.f4 c5 6.Nce2 Nc6 7.c3 b5 8.Nf3 b4 9.g4 Qb6
10.f5 h5 11.fxe6 fxe6 12.gxh5 Ba6 13.Nf4 O-O-O 14.Bxa6+ Qxa6 15.Ng5 Be7 16.Nfxe6 Rde8
17.Qe2 Qa5 18.cxb4 Nxb4 19.O-O cxd4 20.Bd2 Qb6 21.Rac1+ Kb8 22.Kh1 d3 23.Qg2 Nc5
24.Nxc5 Bxc5 25.e6 Nc2 26.Qxd5 Qb7 27.Qxb7+ Kxb7 28.Rf3 Rd8 29.Nf7 Rdf8 30.Rxd3 Nb4
31.Bxb4 Bxb4 32.Rb3  1-0

[Event "chess.com Speed 2019"]
[Site "chess.com INT"]
[Date "2019.10.01"]
[Round "1.34"]
[White "Dobrov,V"]
[Black "Nakamura,Hi"]
[Result "0-1"]
[WhiteElo "2478"]
[BlackElo "2745"]

1.Nf3 e6 2.c4 Ke7 3.g3 f6 4.Bg2 Kf7 5.O-O Ne7 6.d4 g6 7.Nc3 d6 8.e4 Bg7 9.b3 Rf8
10.Bb2 Kg8 11.Re1 e5 12.Qd2 Nbc6 13.Rad1 Bg4 14.dxe5 fxe5 15.Qe3 Bxf3 16.Bxf3 Nd4
17.Bg2 Nc2 18.Qe2 Nxe1 19.Qxe1 Nc6 20.h4 Nd4 21.Qe3 c6 22.Ne2 c5 23.Kh2 Qf6
24.Rf1 h5 25.Nc3 Kh7 26.Nd5 Qf7 27.Bc1 a5 28.f4 Bh6 29.Qd3 exf4 30.gxf4 Qe6
31.Bh3 Qe8 32.Rg1 a4 33.b4 b5 34.bxc5 dxc5 35.e5 bxc4 36.Qxc4 Nf3+ 37.Kh1 Nxg1
38.Kxg1 Rb8 39.Be3 Rb1+ 40.Kh2 Qb5 41.Qxb5 Rxb5 42.e6 Rb2+ 43.Kg3 Rxa2 44.e7 Rb8
45.Bxc5 Re2 46.Kf3 Rxe7 47.Bxe7 a3 48.Nf6+ Kg7 49.Nd7 Rb3+ 50.Kg2 a2 51.Bf6+ Kf7
52.Bd4 Rb1 53.Ne5+ Kg8 54.Nxg6 Bg7 55.Ne5 a1=Q 56.Be6+ Kf8 57.Bxa1 Rxa1 58.Bf7 Bxe5
59.Bxh5 Bxf4 60.Kf3 Bd6 61.Bg4 Ra5 62.Ke4 Re5+ 63.Kf3 Ke7 64.h5 Kf6 65.Bd7 Kg5
66.Bc6 Bc5 67.Be4 Kxh5 68.Bc6 Kg5 69.Be4 Re7 70.Bd5 Re3+ 71.Kg2 Kf4 72.Kf1 Kg3
73.Bc6 Bb4  0-1

[Event "chess.com Speed 2019"]
[Site "chess.com INT"]
[Date "2019.10.01"]
[Round "1.33"]
[White "Nakamura,Hi"]
[Black "Dobrov,V"]
[Result "1-0"]
[WhiteElo "2745"]
[BlackElo "2478"]

1.e4 c6 2.Nc3 d5 3.Nf3 Bg4 4.h3 Bxf3 5.Qxf3 e6 6.g3 Nd7 7.Bg2 Bd6 8.O-O Ne7
9.d4 h5 10.e5 Bc7 11.Ne2 Nf5 12.c3 c5 13.h4 Bb6 14.Bh3 g6 15.Rd1 Qc7 16.Bxf5 gxf5
17.Bg5 Qc6 18.Nf4 Bd8 19.c4 Bxg5 20.cxd5 exd5 21.hxg5 O-O-O 22.Rac1 Kb8 23.b4 c4
24.Qxd5 Qxd5 25.Nxd5 b5 26.a4 a6 27.axb5 axb5 28.Nc3 h4 29.Nxb5 hxg3 30.fxg3 Nb6
31.Nd6 Rh3 32.Nxf5 Rg8 33.Kg2 Rh5 34.Ne7 Re8 35.Nc6+ Kb7 36.d5 Rxg5 37.b5 Reg8
38.Rc3 f6 39.d6 Na4 40.Rf3 c3 41.e6 c2 42.Rc1 Rxb5 43.Rxc2  1-0

[Event "chess.com Speed 2019"]
[Site "chess.com INT"]
[Date "2019.10.01"]
[Round "1.32"]
[White "Dobrov,V"]
[Black "Nakamura,Hi"]
[Result "0-1"]
[WhiteElo "2478"]
[BlackElo "2745"]

1.d4 Nf6 2.c4 e6 3.Nf3 d5 4.Nc3 c6 5.e3 Nbd7 6.Qc2 a6 7.b3 b5 8.Bb2 Bb7 9.Be2 Rc8
10.O-O Bd6 11.e4 b4 12.e5 bxc3 13.Bxc3 Be7 14.exf6 Bxf6 15.Bb4 c5 16.Ba3 cxd4
17.Rad1 Qa5 18.Bb2 Qxa2 19.Ra1 d3 20.Rxa2 dxc2 21.Ba3 dxc4 22.bxc4 Be7 23.Bxe7 Kxe7
24.Rxc2 Bxf3 25.Bxf3 Nc5 26.Ra1 Rhd8 27.h4 Rd4 28.g3 Rc7 29.Ra3 Nd3 30.Be2 Ne5
31.c5 Rd5 32.c6 Rxc6 33.Rxc6 Nxc6 34.Rxa6 Nd4 35.Ra7+ Kf6 36.Bc4 Rc5 37.Ra4 h6
38.Kg2 g5 39.Bd3 Nc6 40.hxg5+ hxg5 41.Rc4 Rxc4 42.Bxc4 Ke5 43.Kf3 f5 44.Ke3 g4
45.Bb3 Nd4 46.Ba4 Nf3 47.Bd1 Ng5 48.Ba4 Kf6 49.Bb3 e5 50.Bc2 Nh3 51.Ke2 e4
52.Ke3 Ke5 53.Ba4 Ng5 54.Bd7 Nf3 55.Bc8 Nd4 56.Bd7 Nb3 57.Bc8 Nc5 58.Ke2 Na4
59.Ke3 Nb6 60.Bb7 Nd5+ 61.Ke2 Kd4 62.Bc8 Ne7 63.Bd7 Ke5 64.Ke3 Nd5+ 65.Ke2 Nb6
66.Bc6 f4 67.gxf4+ Kxf4 68.Bb7 Nc4 69.Ba6 Nd6 70.Kf1 Nf5 71.Ke2 Nd4+ 72.Kf1 Kf3
73.Bc4 Nc6 74.Be2+ Kf4 75.Bb5 Ne7 76.Ba6 Ng6 77.Bb7 Ne5 78.Ke2 Nd3 79.Ba6 Nc5
80.Bc8 Nb3 81.Kf1 Kf3 82.Ba6 Nc1 83.Bc4 Nd3 84.Ba6 Nxf2 85.Be2+ Kg3 86.Bb5 e3
87.Ke2 Kf4 88.Bc6 g3 89.Bh1 Ng4 90.Bg2 Ne5 91.Bh3 Nf7 92.Bg2 Ng5 93.Kd3 Nf3
94.Ke2 Nh4 95.Kd3 Nxg2  0-1

[Event "chess.com Speed 2019"]
[Site "chess.com INT"]
[Date "2019.10.01"]
[Round "1.31"]
[White "Nakamura,Hi"]
[Black "Dobrov,V"]
[Result "1-0"]
[WhiteElo "2745"]
[BlackElo "2478"]

1.e4 c5 2.Nc3 Nc6 3.Nf3 e6 4.d4 cxd4 5.Nxd4 d6 6.Nxc6 bxc6 7.Be3 Nf6 8.g4 h6
9.Bg2 Rb8 10.Rb1 Qa5 11.O-O Be7 12.e5 Qxe5 13.Bxa7 Bd7 14.Bxb8 O-O 15.Ba7 d5
16.Bd4 Qc7 17.f4 c5 18.Be5 Qa7 19.g5 hxg5 20.fxg5 Nh7 21.g6 fxg6 22.Qg4 c4+
23.Kh1  1-0

[Event "chess.com Speed 2019"]
[Site "chess.com INT"]
[Date "2019.10.01"]
[Round "1.30"]
[White "Dobrov,V"]
[Black "Nakamura,Hi"]
[Result "1-0"]
[WhiteElo "2478"]
[BlackElo "2745"]

1.d4 Nf6 2.c4 e6 3.Nf3 d5 4.Nc3 a6 5.cxd5 exd5 6.Bg5 Bd6 7.e3 c6 8.Bd3 Bg4
9.h3 Bh5 10.Qb3 Qc7 11.Ne5 Nbd7 12.g4 Bg6 13.Nxg6 hxg6 14.O-O-O O-O-O 15.Kb1 Kb8
16.Rc1 Qb6 17.Qc2 Rc8 18.Na4 Qa5 19.Nc5 Nxc5 20.dxc5 Be5 21.a3 Nh7 22.Bf4 Bxf4
23.exf4 Nf8 24.f5 g5 25.Qe2 f6 26.Qe7 Qc7 27.Rce1 Nd7 28.Qxg7 Nxc5 29.Re7 Qb6
30.Bc2 d4 31.Qxf6 d3 32.Bxd3 Rhd8 33.Bc2 Rd2 34.Qc3 Rxf2 35.Qg3+ Rc7 36.Qxf2 Rxe7
37.f6 Rf7 38.Bg6 Rf8 39.Re1 Qb5 40.f7 Nd3 41.Qg3+ Nf4 42.Re8+ Ka7 43.Rxf8 Qf1+
44.Ka2 Ne2 45.Qe3+ b6 46.Qe7+  1-0

[Event "chess.com Speed 2019"]
[Site "chess.com INT"]
[Date "2019.10.01"]
[Round "1.29"]
[White "Nakamura,Hi"]
[Black "Dobrov,V"]
[Result "1-0"]
[WhiteElo "2745"]
[BlackElo "2478"]

1.e4 c6 2.Nc3 d5 3.Nf3 Bg4 4.h3 Bxf3 5.Qxf3 e6 6.g3 Nd7 7.Bg2 Bc5 8.O-O Ne7
9.d3 O-O 10.Qe2 a5 11.a3 a4 12.Kh2 b5 13.f4 Re8 14.h4 Qb6 15.Bh3 b4 16.axb4 Qxb4
17.Nb1 Qb6 18.c3 d4 19.Nd2 a3 20.Nc4 axb2 21.Rxa8 Rxa8 22.Nxb6  1-0

[Event "chess.com Speed 2019"]
[Site "chess.com INT"]
[Date "2019.10.01"]
[Round "1.28"]
[White "Dobrov,V"]
[Black "Nakamura,Hi"]
[Result "0-1"]
[WhiteElo "2478"]
[BlackElo "2745"]

1.e4 Nf6 2.e5 Nd5 3.d4 Nb6 4.Nf3 d6 5.exd6 cxd6 6.Be2 g6 7.c4 Bg7 8.Nc3 Nc6
9.Be3 O-O 10.Rc1 Bg4 11.b3 d5 12.c5 Nc8 13.h3 Bxf3 14.Bxf3 e6 15.a3 N8e7
16.g4 e5 17.Ne2 f5 18.dxe5 Nxe5 19.Bg2 fxg4 20.Nd4 Qa5+ 21.b4 Qa6 22.Rc3 Nf3+
23.Bxf3 gxf3 24.Qb3 Bxd4  0-1

[Event "chess.com Speed 2019"]
[Site "chess.com INT"]
[Date "2019.10.01"]
[Round "1.22"]
[White "Dobrov,V"]
[Black "Nakamura,Hi"]
[Result "0-1"]
[WhiteElo "2478"]
[BlackElo "2745"]

1.e4 e6 2.d4 Ke7 3.Nc3 f6 4.Nf3 Kf7 5.Bd3 Bb4 6.O-O d5 7.e5 Nc6 8.exf6 gxf6
9.Ne2 Bd6 10.Ng3 h5 11.Nxh5 Rxh5 12.Ne5+ Rxe5 13.dxe5 Nxe5 14.Qh5+ Kf8 15.Be2 Qe8
16.Qh8 Qg6 17.Bf4 Bd7 18.Bg3 Nf7 19.Qh4 e5 20.f4 e4 21.f5 Qg5  0-1

[Event "chess.com Speed 2019"]
[Site "chess.com INT"]
[Date "2019.10.01"]
[Round "1.15"]
[White "Nakamura,Hi"]
[Black "Dobrov,V"]
[Result "1-0"]
[WhiteElo "2745"]
[BlackElo "2478"]

1.e4 c5 2.Nf3 Nc6 3.Bb5 e6 4.O-O Nge7 5.d4 cxd4 6.Nxd4 Ng6 7.Be2 Qc7 8.Be3 a6
9.c4 Be7 10.Nc3 O-O 11.Rc1 Nxd4 12.Qxd4 d6 13.Na4 Bd7 14.Nb6 Rad8 15.Nxd7 Rxd7
16.b3 Rc8 17.Qd2 Qc6 18.f3 Rdd8 19.Rfd1 h6 20.f4 e5 21.f5 Nf4 22.Bf3 Qc7
23.Kf1 Bg5 24.Qe1 Bf6 25.h4 d5 26.cxd5 Qd7 27.Rxc8 Rxc8 28.g3 Qb5+ 29.Kg1 Nd3
30.Qe2 Rc3 31.d6 Bd8 32.Kh2 Nb4 33.Bd2 Rc2 34.a4 Qxe2+ 35.Bxe2 Nc6 36.Kh3 Nd4
37.Bd3 Rb2 38.Bc3 Rxb3 39.Bxd4 exd4 40.e5 Kf8 41.e6 Bf6 42.e7+ Ke8 43.Re1  1-0

[Event "chess.com Speed 2019"]
[Site "chess.com INT"]
[Date "2019.10.01"]
[Round "1.25"]
[White "Nakamura,Hi"]
[Black "Dobrov,V"]
[Result "1-0"]
[WhiteElo "2745"]
[BlackElo "2478"]

1.e4 c5 2.Nc3 d6 3.Nf3 Nf6 4.d4 cxd4 5.Nxd4 a6 6.Bc4 e6 7.a4 Nc6 8.Nxc6 bxc6
9.O-O Be7 10.Qe2 d5 11.Bd3 Kf8 12.e5 Nd7 13.f4 g6 14.a5 Rb8 15.b3 Nc5 16.Rd1 Kg7
17.Be3 Qc7 18.Na4 Nxa4 19.Rxa4 c5 20.Bxa6 Bd7 21.Raa1 Ra8 22.Bf2 Rhb8 23.Bd3 Rxa5
24.Rxa5 Qxa5 25.h4 h5 26.f5 gxf5 27.Bxf5 Bb5 28.Bd3 Bxd3 29.Rxd3 Rh8 30.Rf3 Qb4
31.c4 d4 32.Qe4 Qd2 33.Bg3 Rb8 34.Kh2 Qd1 35.Qf4 Rf8 36.Bf2 f5 37.exf6+ Rxf6
38.Qe5 Kf7 39.Qxh5+ Kg7 40.Rg3+  1-0

[Event "chess.com Speed 2019"]
[Site "chess.com INT"]
[Date "2019.10.01"]
[Round "1.24"]
[White "Dobrov,V"]
[Black "Nakamura,Hi"]
[Result "0-1"]
[WhiteElo "2478"]
[BlackElo "2745"]

1.d4 Nf6 2.c4 e6 3.Nf3 d5 4.Nc3 c6 5.Bg5 Nbd7 6.e3 Qa5 7.cxd5 Nxd5 8.Qd2 Bb4
9.Rc1 h6 10.Bh4 O-O 11.e4 Nxc3 12.bxc3 Ba3 13.Rb1 e5 14.Bd3 Re8 15.O-O exd4
16.cxd4 Qxd2 17.Nxd2 Nb6 18.f3 Be6 19.Bf2 Rad8 20.Nb3 Na4 21.Rbd1 Nb2 22.Rd2 Nxd3
23.Rxd3 Bc4 24.Rfd1 Bxd3 25.Rxd3 Bb4 26.Rd1 f5 27.exf5 Re2  0-1